mulberry plnting in siemreap( ការដាំដុះដំណាំមននៅខេត្តសៀមរៀប) (Record no. 533)

000 -LEADER
fixed length control field 00476nam a22001577a 4500
003 - CONTROL NUMBER IDENTIFIER
control field OSt
005 - DATE AND TIME OF LATEST TRANSACTION
control field 20150916092043.0
008 - FIXED-LENGTH DATA ELEMENTS--GENERAL INFORMATION
fixed length control field 150916b xxu||||| |||| 00| 0 eng d
040 ## - CATALOGING SOURCE
Transcribing agency RUA
082 ## - DEWEY DECIMAL CLASSIFICATION NUMBER
Classification number AGR SIM 2001 B027 Or.1
100 ## - MAIN ENTRY--PERSONAL NAME
9 (RLIN) 556
Personal name SIM, CHHUNLUY.
245 ## - TITLE STATEMENT
Title mulberry plnting in siemreap( ការដាំដុះដំណាំមននៅខេត្តសៀមរៀប)
260 ## - PUBLICATION, DISTRIBUTION, ETC. (IMPRINT)
Place of publication, distribution, etc. Phnom Penh
Name of publisher, distributor, etc. RUA
Date of publication, distribution, etc. 2001
300 ## - PHYSICAL DESCRIPTION
Extent 52p.
Other physical details ill.
Dimensions 29cm.
942 ## - ADDED ENTRY ELEMENTS (KOHA)
Source of classification or shelving scheme
Koha item type AGR
Holdings
Price effective from Date last seen Permanent Location Not for loan Date acquired Source of classification or shelving scheme Koha item type Lost status Withdrawn status Date last checked out Total Checkouts Shelving location Damaged status Barcode Current Location Full call number
2015-09-162023-03-06Library Block B 2015-09-16 AGR  2023-02-173B027 RUA002607Library Block BAGR SIM 2001 B027 Or.1
2015-09-162019-08-09Library Block B 2015-09-16 AGR  2019-07-307B027 RUA002082Library Block BAGR SIM 2001 B027 Or.2
2015-09-162018-12-12Library Block B 2015-09-16 AGR  2018-11-262B027 RUA002154Library Block BAGR SIM 2001 B027 Or.3
2015-09-162025-09-25Library Block B 2015-09-16 AGR  2025-07-113B027 RUA002083Library Block BAGR SIM 2001 B027 Or.4
2015-10-042022-08-15Library Block B 2015-10-04 AGR  2022-08-082  RUA009147Library Block BAGR SIM 2001 B027 Or.5
មជ្ឈមណ្ឌលឯការនៃសាកលវិទ្យាល័យភូមិន្ទកសិកម្មចំការដូង

Powered by Koha